[Event "2. BUNDESLIGA MITTE 2017/2018"]
[Site "St. Valentin, Pinggau/Villach/Taufkirchen, Fuerstenfeld, St. Veit"]
[Date "2018.02.11"]
[Round "9"]
[Board "3"]
[White "Poetz, Florian"]
[Black "Testor, Sebastian"]
[Result "1-0"]
[WhiteElo "2385"]
[BlackElo "2293"]
[PlyCount "77"]
[EventDate "2017.10.27"]
[EventType "team"]
[EventRounds "11"]
[EventCountry "AUT"]
[WhiteTeam "SPG Fuerstenfeld/Hartberg"]
[BlackTeam "SPG Sauwald"]

1. e4 e6 2. d4 d5 3. Nd2 Be7 4. e5 c5 5. c3 Nc6 6. Bd3 cxd4 7. cxd4 Qb6 8. Ndf3
Bb4+ 9. Kf1 Bd7 10. Ne2 f6 11. a3 Be7 12. b4 Nh6 13. Bxh6 gxh6 14. Qd2 O-O-O
15. exf6 Bxf6 16. Rc1 a6 17. a4 Kb8 18. b5 Nxd4 19. Nexd4 e5 20. Nc6+ bxc6 21.
bxc6 Ka7 22. a5 Qb3 23. Rb1 Qa3 24. cxd7 Rxd7 25. Rb6 e4 26. Rxa6+ Kb7 27. Rb6+
Kc7 28. Bxe4 dxe4 29. Qf4+ Rd6 30. Qxe4 Rc8 31. g3 Rxb6 32. axb6+ Kxb6 33. Kg2
Rc6 34. Rb1+ Kc7 35. Qxh7+ Qe7 36. Qxh6 Be5 37. Qe3 Bf6 38. Qa7+ Kd6 39. Rd1+
 1-0

[Event "2. BUNDESLIGA MITTE 2017/2018"]
[Site "St. Valentin, Pinggau/Villach/Taufkirchen, Fuerstenfeld, St. Veit"]
[Date "2018.02.11"]
[Round "9"]
[Board "4"]
[White "Taggatz, Mario"]
[Black "Kuba, Guenter"]
[Result "1/2-1/2"]
[WhiteElo "2183"]
[BlackElo "2336"]
[PlyCount "56"]
[EventDate "2017.10.27"]
[EventType "team"]
[EventRounds "11"]
[EventCountry "AUT"]
[WhiteTeam "SPG Sauwald"]
[BlackTeam "SPG Fuerstenfeld/Hartberg"]

1. c4 f5 2. g3 Nf6 3. Bg2 g6 4. Nc3 Bg7 5. d3 d6 6. e4 Nc6 7. Nge2 O-O 8. O-O
h6 9. h3 e5 10. exf5 Bxf5 11. Be3 Qd7 12. Kh2 Rae8 13. Qd2 Kh7 14. Rad1 a6 15.
b3 Rf7 16. d4 exd4 17. Nxd4 Nxd4 18. Bxd4 Ne4 19. Nxe4 Bxe4 20. Bxg7 Rxg7 21.
Bxe4 Rxe4 22. Rfe1 Rxe1 23. Rxe1 Re7 24. Rxe7+ Qxe7 25. Qd4 Qf7 26. Kg2 Qe7 27.
Kh2 Qf7 28. Kg2 Qe7  1/2-1/2

[Event "2. BUNDESLIGA MITTE 2017/2018"]
[Site "St. Valentin, Pinggau/Villach/Taufkirchen, Fuerstenfeld, St. Veit"]
[Date "2018.02.11"]
[Round "9"]
[Board "5"]
[White "Csonka, Attila"]
[Black "Hellmayr, Alois"]
[Result "1-0"]
[WhiteElo "2378"]
[BlackElo "2256"]
[PlyCount "95"]
[EventDate "2017.10.27"]
[EventType "team"]
[EventRounds "11"]
[EventCountry "AUT"]
[WhiteTeam "SPG Fuerstenfeld/Hartberg"]
[BlackTeam "SPG Sauwald"]

1. e4 c5 2. Nf3 e6 3. d4 cxd4 4. Nxd4 a6 5. Bd3 Nf6 6. O-O d6 7. c4 Qc7 8. Qe2
g6 9. Rd1 Bg7 10. h3 O-O 11. Nf3 Nc6 12. Nc3 Nd7 13. Bf4 Nde5 14. Nxe5 Nd4 15.
Qd2 dxe5 16. Bg5 b6 17. Rac1 Bb7 18. b4 Rfc8 19. Qb2 Bc6 20. Be3 Rd8 21. f3 Qb7
22. a4 a5 23. b5 Be8 24. Ne2 Bf8 25. Bxd4 exd4 26. e5 Rac8 27. f4 f6 28. exf6
Qf7 29. Ng3 Qxf6 30. Rf1 Bb4 31. Ne4 Qe7 32. Rc2 Rc7 33. Re2 Bf7 34. Qc2 Kg7
35. Nf2 Rc5 36. Ng4 Qh4 37. Re4 Rd6 38. Qe2 Bc3 39. Re5 Bb4 40. Kh2 Qd8 41.
Rxc5 Bxc5 42. Qe5+ Kf8 43. Qh8+ Ke7 44. Qxh7 Qg8 45. Qh4+ g5 46. fxg5 Bg6 47.
Bxg6 Qxg6 48. Ne5  1-0

[Event "2. BUNDESLIGA MITTE 2017/2018"]
[Site "St. Valentin, Pinggau/Villach/Taufkirchen, Fuerstenfeld, St. Veit"]
[Date "2018.02.11"]
[Round "9"]
[Board "6"]
[White "Hiermann, Dietmar"]
[Black "Toelly, Michael"]
[Result "1-0"]
[WhiteElo "2257"]
[BlackElo "2097"]
[PlyCount "109"]
[EventDate "2017.10.27"]
[EventType "team"]
[EventRounds "11"]
[EventCountry "AUT"]
[WhiteTeam "SPG Sauwald"]
[BlackTeam "SPG Fuerstenfeld/Hartberg"]

1. e4 e5 2. Nf3 Nc6 3. Nc3 Nf6 4. d4 exd4 5. Nxd4 Bb4 6. Nxc6 bxc6 7. Bd3 O-O
8. O-O Re8 9. Bg5 h6 10. Bh4 Rb8 11. f4 Be7 12. Bf2 a5 13. e5 Nd5 14. Qf3 Nb4
15. Bc4 d5 16. exd6 cxd6 17. a3 Na6 18. Qxc6 Bb7 19. Qa4 Qc8 20. Bd5 Nc5 21.
Qc4 Qf5 22. Rfe1 Ba6 23. Qa2 Qxf4 24. Bc6 Bc4 25. b3 Be6 26. Ne2 Qg5 27. Bxe8
Rxe8 28. Ng3 a4 29. Be3 Qg4 30. Bxc5 dxc5 31. Re4 Qg5 32. c4 Rd8 33. bxa4 Rd2
34. Qb3 Bd6 35. Rd1 Bd7 36. Rxd2 Qxd2 37. Qe3 Qd1+ 38. Qe1 Qxa4 39. Qd2 Bf8 40.
Qd3 g6 41. h3 Be6 42. Rxe6 fxe6 43. Qxg6+ Kh8 44. Qxe6 Qxa3 45. Kh2 Qa7 46. h4
Qc7 47. Kh3 Qf4 48. Qf5 Qd6 49. Nh5 Be7 50. Nf4 Bf6 51. g3 Bb2 52. Qe6 Qd1 53.
Qxh6+ Kg8 54. Qe6+ Kg7 55. Qg4+  1-0

[Event "2. BUNDESLIGA MITTE 2017/2018"]
[Site "St. Valentin, Pinggau/Villach/Taufkirchen, Fuerstenfeld, St. Veit"]
[Date "2018.02.11"]
[Round "9"]
[Board "1"]
[White "Nemeth, Miklos"]
[Black "Tratar, Marko"]
[Result "1-0"]
[WhiteElo "2494"]
[BlackElo "2456"]
[PlyCount "67"]
[EventDate "2017.10.27"]
[EventType "team"]
[EventRounds "11"]
[EventCountry "AUT"]
[WhiteTeam "SV Steyregg"]
[BlackTeam "SC MPOE Maria Saal 2"]

1. e4 e6 2. d4 d5 3. Nd2 c5 4. exd5 Qxd5 5. Ngf3 cxd4 6. Bc4 Qd6 7. Qe2 Nc6 8.
Ne4 Qb4+ 9. Bd2 Qb6 10. O-O Nf6 11. Nxf6+ gxf6 12. c3 dxc3 13. Bxc3 Be7 14.
Rad1 e5 15. Nh4 h5 16. Kh1 Bb4 17. Qf3 Rh6 18. Qg3 Kf8 19. f4 Bg4 20. Rd2 Bxc3
21. bxc3 Rd8 22. Rxd8+ Qxd8 23. f5 Bd1 24. Qe3 Rh7 25. Qc1 Bg4 26. Qc2 e4 27.
Qxe4 Ne5 28. h3 Bd1 29. Qxb7 Bc2 30. Bd5 Qb6 31. Ng6+ Kg7 32. Qe7 Kh6 33. Qf8+
Kg5 34. h4+  1-0

[Event "2. BUNDESLIGA MITTE 2017/2018"]
[Site "St. Valentin, Pinggau/Villach/Taufkirchen, Fuerstenfeld, St. Veit"]
[Date "2018.02.11"]
[Round "9"]
[Board "2"]
[White "Handler, Lukas"]
[Black "Kovacs, Gabor"]
[Result "1/2-1/2"]
[WhiteElo "2392"]
[BlackElo "2457"]
[PlyCount "50"]
[EventDate "2017.10.27"]
[EventType "team"]
[EventRounds "11"]
[EventCountry "AUT"]
[WhiteTeam "SC MPOE Maria Saal 2"]
[BlackTeam "SV Steyregg"]

1. c4 e6 2. g3 d5 3. Bg2 Nf6 4. Nf3 Be7 5. O-O O-O 6. b3 b6 7. Bb2 Bb7 8. e3 c5
9. Qe2 dxc4 10. bxc4 Nc6 11. Rd1 Qc7 12. Nc3 a6 13. a4 Rfd8 14. d3 Na5 15. Rab1
Rab8 16. Ba1 Bc6 17. Ne1 Bxg2 18. Kxg2 Ne8 19. f4 Nc6 20. g4 Na7 21. Nf3 Nd6
22. Ne5 Bf6 23. Nf3 Be7 24. Ne5 Bf6 25. Nf3 Be7  1/2-1/2

[Event "2. BUNDESLIGA MITTE 2017/2018"]
[Site "St. Valentin, Pinggau/Villach/Taufkirchen, Fuerstenfeld, St. Veit"]
[Date "2018.02.11"]
[Round "9"]
[Board "3"]
[White "Enoeckl, Philipp"]
[Black "Tomazini, Zan"]
[Result "1/2-1/2"]
[WhiteElo "2298"]
[BlackElo "2424"]
[PlyCount "68"]
[EventDate "2017.10.27"]
[EventType "team"]
[EventRounds "11"]
[EventCountry "AUT"]
[WhiteTeam "SV Steyregg"]
[BlackTeam "SC MPOE Maria Saal 2"]

1. d4 Nf6 2. c4 Nc6 3. Nc3 e5 4. d5 Ne7 5. h4 Neg8 6. a3 d6 7. e4 Be7 8. g3 h5
9. Bh3 Ng4 10. f3 N4h6 11. Qa4+ Bd7 12. Bxd7+ Qxd7 13. Qxd7+ Kxd7 14. Nh3 f5
15. Ke2 Nf6 16. Bxh6 gxh6 17. exf5 Rhg8 18. Rag1 Raf8 19. Nf2 Ne8 20. g4 hxg4
21. fxg4 h5 22. Nce4 c6 23. gxh5 Rxg1 24. Rxg1 Rxf5 25. Ng5 cxd5 26. cxd5 Rf8
27. Nfe4 Rh8 28. Kf3 Nc7 29. Nc3 Rxh5 30. Kg4 Rh8 31. Rf1 Ne8 32. Nce4 Nc7 33.
Nc3 Ne8 34. Nce4 Nc7  1/2-1/2

[Event "2. BUNDESLIGA MITTE 2017/2018"]
[Site "St. Valentin, Pinggau/Villach/Taufkirchen, Fuerstenfeld, St. Veit"]
[Date "2018.02.11"]
[Round "9"]
[Board "4"]
[White "Hartl, Daniel"]
[Black "Pierecker, Markus"]
[Result "1-0"]
[WhiteElo "2270"]
[BlackElo "2204"]
[PlyCount "41"]
[EventDate "2017.10.27"]
[EventType "team"]
[EventRounds "11"]
[EventCountry "AUT"]
[WhiteTeam "SC MPOE Maria Saal 2"]
[BlackTeam "SV Steyregg"]

1. d4 d5 2. c4 c6 3. Nf3 Nf6 4. e3 Bf5 5. Nc3 e6 6. Nh4 Bg6 7. Be2 Nbd7 8. O-O
Bd6 9. g3 O-O 10. Nxg6 hxg6 11. Qc2 dxc4 12. Bxc4 c5 13. dxc5 Bxc5 14. Rd1 a6
15. Bd2 Qe7 16. Ne4 Rac8 17. Rac1 Ne5 18. Be2 Bxe3 19. Qxc8 Bxd2 20. Qc7 Qxc7
21. Nxf6+  1-0

[Event "2. BUNDESLIGA MITTE 2017/2018"]
[Site "St. Valentin, Pinggau/Villach/Taufkirchen, Fuerstenfeld, St. Veit"]
[Date "2018.02.11"]
[Round "9"]
[Board "5"]
[White "Wiesinger, Robert"]
[Black "Tomazini, Aljosa"]
[Result "0-1"]
[WhiteElo "2201"]
[BlackElo "2350"]
[PlyCount "105"]
[EventDate "2017.10.27"]
[EventType "team"]
[EventRounds "11"]
[EventCountry "AUT"]
[WhiteTeam "SV Steyregg"]
[BlackTeam "SC MPOE Maria Saal 2"]

1. e4 d6 2. d4 Nf6 3. Nc3 e5 4. Nf3 Nbd7 5. Bc4 Be7 6. O-O c6 7. a4 Qc7 8. h3
h6 9. Re1 Nf8 10. Be3 g5 11. Nd2 Ng6 12. Nf1 Nf4 13. Ng3 Kf8 14. Bd3 b6 15. Qd2
a6 16. Rad1 N6h5 17. Nf5 Bf6 18. Bf1 Ng7 19. dxe5 dxe5 20. Qd6+ Qxd6 21. Rxd6
Nxf5 22. exf5 Be7 23. Rxc6 Bxf5 24. Rxb6 a5 25. Bxf4 exf4 26. Ne4 Kg7 (26...
Bd8 27. Nd6) 27. Rb7 Bd8 28. Nd6 Bg6 29. Bc4 Rf8 30. Re8 Rxe8 31. Nxe8+ Kf8 32.
Nd6 Be7 33. Rd7 Bxc2 34. b3 Rb8 35. Nxf7 Bxb3 36. Bxb3 Rxb3 37. Nxh6 Ra3 38.
Nf5 Bc5 39. Nd4 Ke8 40. Rd5 Bb6 41. Ne2 Rxa4 42. Rxg5 Ra1+ 43. Kh2 Bxf2 44.
Nxf4 a4 45. Nd5 a3 46. Nb4 Rb1 47. Nc2 a2 48. Ra5 Rb3 49. g4 Rb2 50. Ra8+ Kd7
51. Na1 Bh4+ 52. Kg1 Rb1+ 53. Kg2  0-1

[Event "2. BUNDESLIGA MITTE 2017/2018"]
[Site "St. Valentin, Pinggau/Villach/Taufkirchen, Fuerstenfeld, St. Veit"]
[Date "2018.02.11"]
[Round "9"]
[Board "6"]
[White "Rieger, Robert"]
[Black "Meyer, Gordon"]
[Result "0-1"]
[WhiteElo "2296"]
[BlackElo "2182"]
[PlyCount "60"]
[EventDate "2017.10.27"]
[EventType "team"]
[EventRounds "11"]
[EventCountry "AUT"]
[WhiteTeam "SC MPOE Maria Saal 2"]
[BlackTeam "SV Steyregg"]

1. d4 Nf6 2. c4 g6 3. Nc3 Bg7 4. e4 d6 5. h3 O-O 6. Bg5 Na6 7. Nf3 h6 8. Be3 e5
9. d5 Nc5 10. Nd2 Ne8 11. g4 a5 12. a3 a4 13. Bxc5 dxc5 14. Nxa4 Qe7 15. Nc3 f5
16. gxf5 gxf5 17. Rg1 Ra6 18. Qe2 Kh8 19. O-O-O fxe4 20. Ncxe4 Bf5 21. Qe3 h5
22. Bd3 Bh6 23. Qe2 Bxe4 24. Bxe4 Qh4 25. Rg3 Nd6 26. Bd3 e4 27. Bc2 Nf5 28.
Rgg1 Nd4 29. Qxe4 Nb3+ 30. Kb1 Nxd2+  0-1

[Event "2. BUNDESLIGA MITTE 2017/2018"]
[Site "St. Valentin, Pinggau/Villach/Taufkirchen, Fuerstenfeld, St. Veit"]
[Date "2018.02.11"]
[Round "9"]
[Board "1"]
[White "Gonda, Laszlo"]
[Black "Schnider, Gert"]
[Result "1-0"]
[WhiteElo "2510"]
[BlackElo "2412"]
[PlyCount "99"]
[EventDate "2017.10.27"]
[EventType "team"]
[EventRounds "11"]
[EventCountry "AUT"]
[WhiteTeam "ASK St. Valentin"]
[BlackTeam "Schachfreunde Graz"]

1. Nf3 Nf6 2. c4 c6 3. g3 d5 4. Bg2 Bf5 5. O-O e6 6. cxd5 exd5 7. d3 Be7 8. Qb3
Qb6 9. Qc2 Nbd7 10. Nc3 O-O 11. e4 dxe4 12. dxe4 Be6 13. b3 Rad8 14. h3 Nc5 15.
Be3 Qa5 16. Nd4 Bc8 17. a3 Qc7 18. b4 Ne6 19. Nf5 Rfe8 20. Nxe7+ Rxe7 21. Rfd1
Red7 22. f4 a6 23. e5 Rxd1+ 24. Rxd1 Rxd1+ 25. Qxd1 Ne8 26. Kf2 Nf8 27. Ne4 Bf5
28. Nc5 f6 29. Qb3+ Kh8 30. Bd4 fxe5 31. Bxe5 Qe7 32. Qe3 Ng6 33. a4 Nxe5 34.
Qxe5 Qxe5 35. fxe5 Bc8 36. Ke3 Kg8 37. h4 Kf7 38. Be4 Nc7 39. a5 h6 40. Kd4
Nb5+ 41. Kc4 Na3+ 42. Kb3 Nb5 43. Bd3 Nd4+ 44. Kc3 Nf3 45. e6+ Kf6 46. Be2 Ne5
47. h5 g6 48. Kd4 Bxe6 49. hxg6 Nxg6 50. Nxb7  1-0

[Event "2. BUNDESLIGA MITTE 2017/2018"]
[Site "St. Valentin, Pinggau/Villach/Taufkirchen, Fuerstenfeld, St. Veit"]
[Date "2018.02.11"]
[Round "9"]
[Board "2"]
[White "Huber, Martin Christian"]
[Black "Sandhoefner, Florian"]
[Result "1/2-1/2"]
[WhiteElo "2365"]
[BlackElo "2313"]
[PlyCount "61"]
[EventDate "2017.10.27"]
[EventType "team"]
[EventRounds "11"]
[EventCountry "AUT"]
[WhiteTeam "Schachfreunde Graz"]
[BlackTeam "ASK St. Valentin"]

1. Nf3 Nf6 2. g3 g6 3. b3 Bg7 4. Bb2 O-O 5. Bg2 d5 6. c4 c6 7. O-O e6 8. d4
Nbd7 9. Nbd2 b6 10. Qc2 Bb7 11. e4 Nxe4 12. Nxe4 dxe4 13. Qxe4 Rb8 14. Rfd1 c5
15. Qe2 Qc7 16. dxc5 Nxc5 17. Bxg7 Kxg7 18. Qe5+ Qxe5 19. Nxe5 Bxg2 20. Kxg2
Rfd8 21. b4 Na6 22. Nc6 Rxd1 23. Rxd1 Rb7 24. Rd8 Rc7 25. Rd6 Rb7 26. Kf3 Nb8
27. Nxb8 Rxb8 28. Ke4 Rb7 29. Kd4 Kf6 30. a4 Ke7 31. Rc6  1/2-1/2

[Event "2. BUNDESLIGA MITTE 2017/2018"]
[Site "St. Valentin, Pinggau/Villach/Taufkirchen, Fuerstenfeld, St. Veit"]
[Date "2018.02.11"]
[Round "9"]
[Board "3"]
[White "Hajnal, Zoltan"]
[Black "Kravanja, Georg"]
[Result "1-0"]
[WhiteElo "2390"]
[BlackElo "2267"]
[PlyCount "61"]
[EventDate "2017.10.27"]
[EventType "team"]
[EventRounds "11"]
[EventCountry "AUT"]
[WhiteTeam "ASK St. Valentin"]
[BlackTeam "Schachfreunde Graz"]

1. e4 c6 2. d4 d5 3. Nc3 dxe4 4. Nxe4 Bf5 5. Ng3 Bg6 6. Bc4 e6 7. N1e2 Bd6 8.
h4 h6 9. Nf4 Bxf4 10. Bxf4 Nf6 11. Qe2 Nbd7 12. h5 Bh7 13. O-O-O b5 14. Bd3
Bxd3 15. Rxd3 Nb6 16. Nf5 Nbd5 17. Nd6+ Kf8 18. Be5 a5 19. Nb7 Qe8 20. Rg3 Ra7
21. Nc5 a4 22. Rhh3 Qd8 23. Kb1 Nb4 24. Bxf6 gxf6 25. Qg4 Nd5 26. Rh1 Nc7 27.
Qg7+ Ke7 28. Rf3 Nd5 29. Re1 Kd6 30. Qg3+ e5 31. Rxe5  1-0

[Event "2. BUNDESLIGA MITTE 2017/2018"]
[Site "St. Valentin, Pinggau/Villach/Taufkirchen, Fuerstenfeld, St. Veit"]
[Date "2018.02.11"]
[Round "9"]
[Board "4"]
[White "Teuschler, Barbara"]
[Black "Heimberger, Reinhard"]
[Result "0-1"]
[WhiteElo "2202"]
[BlackElo "2261"]
[PlyCount "96"]
[EventDate "2017.10.27"]
[EventType "team"]
[EventRounds "11"]
[EventCountry "AUT"]
[WhiteTeam "Schachfreunde Graz"]
[BlackTeam "ASK St. Valentin"]

1. e4 c5 2. Nf3 e6 3. d4 cxd4 4. Nxd4 Nf6 5. Nc3 d6 6. Be2 a6 7. a4 Be7 8. O-O
O-O 9. Kh1 b6 10. f4 Bb7 11. Bf3 Qc7 12. e5 Ne8 13. Bxb7 Qxb7 14. Qf3 Ra7 15.
Be3 Qxf3 16. Rxf3 Rc7 17. Bg1 dxe5 18. fxe5 Nc6 19. Nxc6 Rxc6 20. Rd1 Bc5 21.
Rd7 Nc7 22. Ne4 Bxg1 23. Kxg1 Rxc2 24. Nd6 Nd5 25. Nxf7 h6 26. Nd8 Nf4 27. Kf1
Rxb2 28. Rd4 Nxg2 29. Rxf8+ Kxf8 30. Nxe6+ Ke7 31. Nc7 Ne3+ 32. Kg1 Rg2+ 33.
Kh1 Rc2 34. Nd5+ Nxd5 35. Rxd5 Rc6 36. Rd2 Ke6 37. Re2 Rc5 38. Rb2 b5 39. axb5
axb5 40. Kg2 Kxe5 41. Kf3 Kd4 42. Ke2 Kc3 43. Rb1 Rh5 44. h3 b4 45. Rg1 Rg5 46.
Rc1+ Kb2 47. Rc4 b3 48. Kd2 Rd5+  0-1

[Event "2. BUNDESLIGA MITTE 2017/2018"]
[Site "St. Valentin, Pinggau/Villach/Taufkirchen, Fuerstenfeld, St. Veit"]
[Date "2018.02.11"]
[Round "9"]
[Board "5"]
[White "Breneis, Lukas"]
[Black "Domarkaite, Laima"]
[Result "1/2-1/2"]
[WhiteElo "2201"]
[BlackElo "2129"]
[PlyCount "48"]
[EventDate "2017.10.27"]
[EventType "team"]
[EventRounds "11"]
[EventCountry "AUT"]
[WhiteTeam "ASK St. Valentin"]
[BlackTeam "Schachfreunde Graz"]

1. e4 c5 2. Nf3 d6 3. Bb5+ Nd7 4. O-O Ngf6 5. Re1 a6 6. Bxd7+ Qxd7 7. d4 cxd4
8. Qxd4 e6 9. Bg5 Be7 10. c4 O-O 11. a4 Qc7 12. Nc3 b6 13. Rad1 Rd8 14. b3 Bb7
15. Qd3 Rac8 16. Nd4 h6 17. Bh4 Qc5 18. h3 Rc7 19. Qe3 Rcd7 20. Bg3 Bf8 21. Bh4
Be7 22. Bg3 Bf8 23. Bh4 Be7 24. Bg3 Bf8  1/2-1/2

[Event "2. BUNDESLIGA MITTE 2017/2018"]
[Site "St. Valentin, Pinggau/Villach/Taufkirchen, Fuerstenfeld, St. Veit"]
[Date "2018.02.11"]
[Round "9"]
[Board "6"]
[White "Kastner, Walter"]
[Black "Theuretzbacher, Klaus"]
[Result "1-0"]
[WhiteElo "2191"]
[BlackElo "2208"]
[PlyCount "107"]
[EventDate "2017.10.27"]
[EventType "team"]
[EventRounds "11"]
[EventCountry "AUT"]
[WhiteTeam "Schachfreunde Graz"]
[BlackTeam "ASK St. Valentin"]

1. e4 c5 2. c3 Nf6 3. e5 Nd5 4. Nf3 e6 5. Bc4 d6 6. O-O Be7 7. d4 O-O 8. Qe2
cxd4 9. cxd4 Bd7 10. Qe4 Bc6 11. Qg4 Re8 12. h4 Nd7 13. Bh6 Bf8 14. h5 dxe5 15.
dxe5 f5 16. Qg3 Kh8 17. Bg5 Qb6 18. Nbd2 Nc5 19. Rfe1 Nb4 20. Be3 Qc7 21. Bxc5
Bxc5 22. Rac1 Qe7 23. a3 Nd5 24. b4 Bb6 25. Nb3 Red8 26. Red1 Nc7 27. Qg5 Re8
28. Qxe7 Rxe7 29. Nbd4 Be8 30. Ng5 Bxh5 31. Rd3 Rd8 32. Nxf5 Rxd3 33. Nxe7 Rd2
34. Nc8 Bd4 35. Bxe6 Nxe6 36. Nxe6 Bxe5 37. Nxa7 Rd1+ 38. Rxd1 Bxd1 39. Nd8 Bd4
40. Nb5 Bb2 41. Nxb7 Ba4 42. N5d6 Kg8 43. Nc4 Bc1 44. Nbd6 Kf8 45. b5 Ke7 46.
g3 Bxa3 47. Nf5+ Kf6 48. Nxa3 Kxf5 49. b6 Bc6 50. Nc4 Ke6 51. Na5 Kd7 52. b7
Bxb7 53. Nxb7 Ke6 54. Na5  1-0

[Event "2. BUNDESLIGA MITTE 2017/2018"]
[Site "St. Valentin, Pinggau/Villach/Taufkirchen, Fuerstenfeld, St. Veit"]
[Date "2018.02.11"]
[Round "9"]
[Board "1"]
[White "Horvath, Adam"]
[Black "Menezes, Christoph"]
[Result "1/2-1/2"]
[WhiteElo "2486"]
[BlackElo "2404"]
[PlyCount "54"]
[EventDate "2017.10.27"]
[EventType "team"]
[EventRounds "11"]
[EventCountry "AUT"]
[WhiteTeam "RbEj Gleisdorf"]
[BlackTeam "UNION Ansfelden"]

1. e4 e5 2. Nf3 Nc6 3. Bc4 Bc5 4. c3 Nf6 5. d3 O-O 6. Bg5 Be7 7. Nbd2 d6 8. Bb3
Be6 9. Bxe6 fxe6 10. Qb3 Qd7 11. Qxb7 Rab8 12. Qa6 Rxb2 13. Nb3 d5 14. O-O dxe4
15. dxe4 Nxe4 16. Bxe7 Nxe7 17. Rad1 Nd5 18. Qd3 Qa4 19. c4 Ndf6 20. Nxe5 Rxa2
21. Qh3 Qe8 22. Nd4 Nxf2 23. Rxf2 Rxf2 24. Kxf2 Ng4+ 25. Ke1 Nxe5 26. Nxe6 Nd7
27. Kd2 Nf6 {(Partieformular ab hier nicht leserlich);}  1/2-1/2

[Event "2. BUNDESLIGA MITTE 2017/2018"]
[Site "St. Valentin, Pinggau/Villach/Taufkirchen, Fuerstenfeld, St. Veit"]
[Date "2018.02.11"]
[Round "9"]
[Board "2"]
[White "Felsberger, Alfred"]
[Black "Heinemann, Thies"]
[Result "0-1"]
[WhiteElo "2336"]
[BlackElo "2508"]
[PlyCount "106"]
[EventDate "2017.10.27"]
[EventType "team"]
[EventRounds "11"]
[EventCountry "AUT"]
[WhiteTeam "UNION Ansfelden"]
[BlackTeam "RbEj Gleisdorf"]

1. e4 c5 2. Nf3 d6 3. d4 cxd4 4. Nxd4 Nf6 5. Nc3 a6 6. g3 e5 7. Nb3 Be7 8. Bg2
O-O 9. O-O Be6 10. a4 Nbd7 11. Re1 h6 12. Nd2 Qa5 13. Nf1 b5 14. Ne3 Rfc8 15.
Bd2 b4 16. Ncd5 Bxd5 17. exd5 Bf8 18. c3 bxc3 19. Bxc3 Qb6 20. Bh3 Rc7 21. Bxd7
Rxd7 22. Qf3 Qb7 23. Rad1 Qb3 24. a5 Rb8 25. Rd2 Rb5 26. Ra1 Rc5 27. Ra3 Qb5
28. Qg2 Re7 29. f3 Nxd5 30. Nxd5 Rxd5 31. Rxd5 Qxd5 32. Qe2 Qc6 33. Rb3 e4 34.
Rb6 Qc5+ 35. Kg2 exf3+ 36. Qxf3 Re3 37. Rc6 Qb5 38. Qxe3 Qxc6+ 39. Kh3 d5 40.
Qd4 Qb5 41. Kg2 f6 42. Qg4 Qc6 43. Kf1 Kf7 44. Ke1 Qe6+ 45. Qxe6+ Kxe6 46. Ke2
h5 47. Kd3 Kd7 48. h3 Bd6 49. g4 hxg4 50. hxg4 Be5 51. Bd4 Kc6 52. b3 Bxd4 53.
Kxd4 g6  0-1

[Event "2. BUNDESLIGA MITTE 2017/2018"]
[Site "St. Valentin, Pinggau/Villach/Taufkirchen, Fuerstenfeld, St. Veit"]
[Date "2018.02.11"]
[Round "9"]
[Board "3"]
[White "Frosch, Erich"]
[Black "Weiss, Christian"]
[Result "0-1"]
[WhiteElo "2202"]
[BlackElo "2378"]
[PlyCount "77"]
[EventDate "2017.10.27"]
[EventType "team"]
[EventRounds "11"]
[EventCountry "AUT"]
[WhiteTeam "RbEj Gleisdorf"]
[BlackTeam "UNION Ansfelden"]

1. d4 Nf6 2. Nf3 e6 3. g3 b5 4. Bg2 Bb7 5. O-O h6 6. a4 b4 7. c4 bxc3 8. Nxc3
a5 9. Bf4 Na6 10. Re1 Bb4 11. Qd3 Be7 12. Rad1 Nb4 13. Qb1 c6 14. e4 d5 15.
exd5 Nbxd5 16. Bd2 O-O 17. Ne5 c5 18. Nb5 cxd4 19. Nxd4 Qb6 20. Bc3 Rac8 21.
Nb5 Bc5 22. Nd3 Nxc3 23. bxc3 Bxg2 24. Kxg2 Nd5 25. Qa2 Rfd8 26. Qe2 Bf8 27.
Rc1 Qc6 28. Kg1 Qc4 29. Nb2 Qxe2 30. Rxe2 Nb6 31. c4 g5 32. Rec2 Rc5 33. Nd1
Nxc4 34. Ne3 Nb6 35. Nc3 f5 36. Rb1 Rc6 37. Ne2 Bc5 38. Rb5 Ra8 39. Ra2 {
(Partieformulare ab hier nicht leserlich);}  0-1

[Event "2. BUNDESLIGA MITTE 2017/2018"]
[Site "St. Valentin, Pinggau/Villach/Taufkirchen, Fuerstenfeld, St. Veit"]
[Date "2018.02.11"]
[Round "9"]
[Board "4"]
[White "Knoll, Hermann"]
[Black "Wegerer, Fred"]
[Result "1/2-1/2"]
[WhiteElo "2333"]
[BlackElo "2135"]
[PlyCount "77"]
[EventDate "2017.10.27"]
[EventType "team"]
[EventRounds "11"]
[EventCountry "AUT"]
[WhiteTeam "UNION Ansfelden"]
[BlackTeam "RbEj Gleisdorf"]

1. e4 c5 2. Nf3 e6 3. Qe2 Nf6 4. g3 d5 5. d3 b6 6. Bg2 dxe4 7. dxe4 Ba6 8. c4
Nc6 9. e5 Nd7 10. b3 Rb8 11. Nc3 Nd4 12. Nxd4 cxd4 13. Nb5 Bxb5 14. cxb5 Bb4+
15. Bd2 Bxd2+ 16. Qxd2 Nxe5 17. f4 Ng4 18. Bc6+ Ke7 19. O-O-O Qd6 20. Qxd4 Qa3+
21. Kb1 Rhd8 22. Qxg7 Nf6 23. Qg5 Rd6 24. Rxd6 Qxd6 25. Qe5 Qd3+ 26. Ka1 Rd8
27. Rc1 Ng4 28. Qb2 Qe3 29. Qc3 Rd3 30. Qb4+ Kf6 31. Re1 Qf2 32. Be4 Rd2 33.
Qc3+ Ke7 34. Rc1 Ne3 35. Qb4+ Kf6 36. Qc3+ Ke7 37. Qb4+ Kf6 38. Qc3+ Ke7 39.
Qb4+  1/2-1/2

[Event "2. BUNDESLIGA MITTE 2017/2018"]
[Site "St. Valentin, Pinggau/Villach/Taufkirchen, Fuerstenfeld, St. Veit"]
[Date "2018.02.11"]
[Round "9"]
[Board "5"]
[White "Manhardt, Thomas"]
[Black "Ennsberger, Ulrich"]
[Result "1-0"]
[WhiteElo "2220"]
[BlackElo "2267"]
[PlyCount "55"]
[EventDate "2017.10.27"]
[EventType "team"]
[EventRounds "11"]
[EventCountry "AUT"]
[WhiteTeam "RbEj Gleisdorf"]
[BlackTeam "UNION Ansfelden"]

1. e4 d6 2. d4 Nf6 3. Nc3 e5 4. Nf3 Nbd7 5. Bc4 Be7 6. O-O O-O 7. Re1 c6 8. a4
a5 9. h3 Qc7 10. b3 h6 11. Bb2 Re8 12. Bd3 Bf8 13. Ne2 exd4 14. Nfxd4 Nxe4 15.
Ng3 Nef6 16. Rxe8 Nxe8 17. Qe2 Nef6 18. Ndf5 Ne5 19. f4 Ned7 20. Ne4 Qd8 21.
Nfxd6 Nd5 22. Nxc8 Nxf4 23. Qf3 Nxd3 24. cxd3 Rxc8 25. Kh1 Nc5 26. Rf1 Qd5 27.
Nf6+ gxf6 28. Qxf6  1-0

[Event "2. BUNDESLIGA MITTE 2017/2018"]
[Site "St. Valentin, Pinggau/Villach/Taufkirchen, Fuerstenfeld, St. Veit"]
[Date "2018.02.11"]
[Round "9"]
[Board "6"]
[White "Mostbauer, Florian"]
[Black "Wanderer, Thomas"]
[Result "1-0"]
[WhiteElo "2307"]
[BlackElo "2213"]
[PlyCount "63"]
[EventDate "2017.10.27"]
[EventType "team"]
[EventRounds "11"]
[EventCountry "AUT"]
[WhiteTeam "UNION Ansfelden"]
[BlackTeam "RbEj Gleisdorf"]

1. d4 d5 2. c4 dxc4 3. Nf3 Nf6 4. e3 e6 5. Bxc4 Be7 6. O-O O-O 7. Nc3 Nbd7 8.
e4 Nb6 9. Bb3 c6 10. Bc2 a6 11. a3 Re8 12. Qd3 Nfd7 13. Rd1 Nf8 14. Bf4 Ng6 15.
Bg3 Bd6 16. Bxd6 Qxd6 17. e5 Qe7 18. h4 c5 19. dxc5 Qxc5 20. h5 Nf8 21. h6 Qc4
22. hxg7 Kxg7 23. Qe3 Nbd7 24. Rac1 Qc5 25. Qg5+ Ng6 26. Bxg6 hxg6 27. Ne4 Qe7
28. Nd6 Qxg5 29. Nxe8+ Kf8 30. Nxg5 Kxe8 31. Ne4 Nb6 32. Nf6+  1-0